|
|
|
|
| LEADER |
00000nam a2200000Ia 4500 |
| 008 |
170621b2002 cr ||||| |||| 00| | spa d |
| 999 |
|
|
|c 750
|d 750
|
| 020 |
|
|
|a 9968100188
|
| 090 |
|
|
|a 06.03.06
|b 423
|
| 100 |
1 |
|
|a Paau Cho, Mónica Rebeca
|9 2589
|
| 245 |
1 |
0 |
|a Equidad y complementariedad de género en la educación primaria /
|c Mónica Rebeca Paau Cho
|
| 260 |
|
|
|a San José, Costa Rica :
|b CECC,
|c 2002
|
| 300 |
|
|
|a 108 páginas
|
| 490 |
|
|
|a Colección Pedagógica Formación Inicial de Docentes Centroamericanos de Educación Primaria o Básica,
|v 15
|
| 650 |
1 |
4 |
|a EDUCACIÓN PRIMARIA
|9 367
|
| 650 |
|
0 |
|a PROGRAMA DE ESTUDIOS
|9 1364
|
| 650 |
1 |
4 |
|a GÉNERO
|9 69
|
| 650 |
1 |
4 |
|a EDUCACIÓN
|9 1
|
| 650 |
1 |
4 |
|a EQUIDAD
|9 343
|
| 651 |
|
4 |
|a AMÉRICA CENTRAL
|9 457
|
| 942 |
|
|
|i 00703
|h 06.03.06 423
|2 z
|c 01
|